[Event "World Team-ch Women 2017"]
[Site "Khanty-Mansyisk"]
[Date "2017.06.26"]
[Round "9"]
[White "Zhukova, Natalia"]
[Black "Lagno, Kateryna"]
[Result "1/2-1/2"]
[WhiteElo "2449"]
[BlackElo "2539"]
[Annotator "TA"]
[PlyCount "127"]
[EventDate "2017.??.??"]
[EventType "team-tourn"]
[EventCountry "RUS"]
[SourceTitle "playchess.com"]
[Source "ChessBase"]
[SourceQuality "1"]
[WhiteTeam "UKR"]
[BlackTeam "RUS"]
[WhiteTeamCountry "UKR"]
[BlackTeamCountry "RUS"]

{[%evp 9,127,0,16,0,0,0,0,0,0,0,3,0,3,0,2,0,71,5,35,39,43,22,99,30,30,39,33,22,35,37,52,0,6,2,64,46,55,45,48,44,54,51,45,52,45,41,59,65,75,70,63,69,83,90,83,87,85,87,97,102,150,101,167,56,60,53,161,172,241,35,35,35,50,35,30,12,13,13,25,0,0,0,0,0,0,0,0,0,0,0,0,0,0,0,0,0,0,0,0,0,0,0,0,0,0,0,0,0,0,0,0,0,0,0,0,0,0,0,0,0]} 1. d4 Nf6 2. c4 g6 3. Nc3 d5 4. Nf3 Bg7 5. h4 dxc4 (5... c6 6. Bg5 h6 7. Bxf6 Bxf6 8. e3 e6 9. Qc2 Nd7 10. O-O-O O-O 11. Kb1 Bg7 12. g4 Qe7 13. cxd5 exd5 14. Bd3 Nb6 15. Rhg1 Bd7 16. Ne5 Bxe5 17. dxe5 Qxe5 18. f4 Qxe3 19. Bxg6 Qxf4 20. g5 fxg6 21. Qxg6+ Kh8 22. Qxh6+ Kg8 23. Qg6+ Kh8 24. Qh6+ Kg8 25. Qg6+ {½-½ (25) Tomashevsky,E (2696)-Svidler,P (2755) Moscow 2017}) 6. e4 {D90: Grünfeld: 4 Nf3 Bg7 sidelines} c5 7. d5 b5 8. h5 Nxh5 9. Nxb5 O-O 10. Bxc4 Bg4 $1 11. Qc2 a6 12. Na3 $146 ({Predecessor:} 12. Nc3 Bxf3 13. gxf3 {1-0 (41) Hakobyan,A (2449)-Kulaots,K (2597) Minsk 2017}) 12... Qc7 (12... Bxf3 $11 {remains equal.} 13. gxf3 Nd7) 13. Be2 (13. Nh2 $1 $16 {[%cal Rh2g4]} Bc8 14. Bb3) 13... Nf4 14. d6 $36 {[%mdl 2048] Black is under pressure.} Qxd6 {[#]} 15. e5 $1 {[%cal Re5d6][%mdl 512]} Nxg2+ ({Don't go for} 15... Bxe5 $2 16. Nc4 $18) 16. Kf1 Qc6 $1 17. Kxg2 Nd7 18. Nc4 {With the idea Bh6.} Nxe5 $1 19. Ncxe5 Bxe5 20. Bd2 (20. Be3 $14) 20... Rfd8 (20... Rad8 $5 {[%cal Rd8d4]} 21. Be3 Rd6 $11) 21. Bc3 Bf5 (21... Bf6 $11) 22. Qc1 $1 $14 Bxc3 23. bxc3 h5 24. Qf4 Rd6 25. Kg1 {Hoping for Qh6.} Qe4 26. Qxe4 Bxe4 27. Rh4 Bd3 28. Re1 e6 29. Kg2 Bb5 30. Ne5 Rd2 {[#]} 31. Bf3 $1 {[%cal Rf3a8]} Rad8 32. a4 Be8 33. Rc4 Ra2 34. Rxc5 Bxa4 35. Re2 Ra1 (35... Rxe2 $16 {is a better defense.} 36. Bxe2 Ra8) 36. Ra5 (36. Rb2 $18) 36... Rdd1 37. Rb2 Rg1+ {[#]} (37... Rh1 $1 $14 38. Be2 Rag1+ 39. Kf3 Rg5) 38. Kh2 $1 $18 {aiming for Rxa4!} Rg5 (38... Bb5 $142) 39. Rb4 $2 (39. Bg2 $18) 39... Ra2 40. Rbxa4 Rxf2+ 41. Kh3 {Strongly threatening Rf4.} f6 42. Bb7 {Threatens to win with Nd3.} fxe5 43. Ra2 Rf4 44. Rg2 (44. Re2 {looks sharper.} Kf7 45. Rxa6 Rc4 46. Re3 Rf5 47. Bf3) 44... Rxg2 {The position is equal.} 45. Kxg2 $11 {[%mdl 4096] Endgame KRB-KR} Rc4 46. Ra3 {[#]} a5 $1 {[%mdl 512]} 47. Ba6 (47. Rxa5 Rxc3) 47... Rc5 48. c4 Kg7 49. Bb5 Kf6 50. Kf3 g5 {[%cal Bg6g5,Bg5g4][%mdl 32]} 51. Rxa5 g4+ 52. Ke4 h4 53. Ra8 Kg7 54. Ke3 Rc7 55. Kf2 Kf6 56. Rg8 Kf5 57. Ke3 h3 {next ...Ra7 is good for Black.} 58. Kf2 Rh7 59. Bc6 h2 {...e4 is the strong threat.} (59... Rc7 $5 {[%cal Rc7c6]} 60. Rf8+ Kg6 $11) 60. Bh1 Rc7 61. Rf8+ Kg5 62. Rg8+ Kf5 63. Rf8+ Kg5 64. Rg8+ {Precision: White = 69%, Black = 70%.} 1/2-1/2

[Event "World Team-ch Women 2017"]
[Site "Khanty-Mansyisk"]
[Date "2017.06.26"]
[Round "9"]
[White "Zawadzka, Jolanta"]
[Black "Vo, Thi Kim Phung"]
[Result "1/2-1/2"]
[WhiteElo "2426"]
[BlackElo "2378"]
[Annotator "TA"]
[PlyCount "107"]
[EventDate "2017.??.??"]
[EventType "team-tourn"]
[EventCountry "RUS"]
[SourceTitle "playchess.com"]
[Source "ChessBase"]
[SourceQuality "1"]
[WhiteTeam "POL"]
[BlackTeam "VIE"]
[WhiteTeamCountry "POL"]
[BlackTeamCountry "VIE"]

{[%evp 15,107,11,5,4,21,0,11,2,53,31,43,37,41,32,49,42,52,41,45,32,52,0,19,-26,0,0,0,0,0,0,28,0,72,59,125,98,113,51,45,36,76,72,87,87,83,35,69,54,71,-112,-123,-131,-129,-120,8,8,12,14,11,25,24,0,19,19,19,17,22,14,19,20,18,18,72,8,8,0,0,0,0,0,8,0,0,0,0,0,0,0,0,0,0,0,0,0]} 1. e4 e6 2. d4 d5 3. Nc3 Nf6 4. e5 Nfd7 5. f4 c5 6. Nf3 Nc6 7. Be3 Be7 8. Qd2 b6 {LiveBook: 86 Games. C11: French: Classical System: 4 e5 and 4 Bg5 dxe4} (8... a6 9. a3 O-O 10. Be2 b6 11. Nd1 f6 12. c3 a5 13. O-O Ba6 14. Bxa6 Rxa6 15. exf6 Nxf6 16. Nf2 Bd6 {½-½ (46) Jakovenko,D (2718)-Korobov,A (2695) Poikovsky 2017}) 9. h4 cxd4 $146 ({Predecessor:} 9... Bb7 10. h5 h6 11. O-O-O c4 12. f5 b5 13. fxe6 fxe6 14. Nxb5 {1-0 (39) Melendez Fierro,J (2134)-Roque Sola,G (2061) Aragon 2017}) 10. Nxd4 Nxd4 11. Bxd4 a6 (11... Bxh4+ $11 12. Bf2 Bxf2+ 13. Qxf2 Nc5) 12. h5 b5 {[%cal Bb6b5,Bb5b4,Bb4b3][%mdl 32]} 13. O-O-O b4 14. Ne2 a5 15. Kb1 O-O 16. g4 a4 17. g5 b3 18. Bh3 (18. g6 $5) 18... Nc5 19. Ng3 Qa5 20. Qxa5 bxc2+ 21. Kxc2 Rxa5 22. Kd2 Rb5 23. Rc1 (23. Bf1 $5 {[%cal Rf1b5]} Rb4 24. Ke3 $11) 23... Nd7 (23... a3 $11 24. bxa3 Ra5) 24. g6 Bc5 (24... Nc5 $14) 25. gxf7+ Kxf7 26. Bf1 (26. Ne2 $1 $16) 26... Ra5 $14 27. Ke3 Bxd4+ 28. Kxd4 Ke7 {[#]} 29. f5 $1 {[%mdl 512]} exf5 {aiming for ...f4.} 30. Bd3 Nb8 $1 31. Rc7+ Bd7 $1 32. Bxf5 $2 (32. Rhc1 $16 {and life is bright. Hoping for Nxf5+.} g6 33. Rb7) 32... Nc6+ $1 $17 33. Rxc6 Bxc6 34. Rc1 Ra6 (34... Bd7 $1 $17 {[%cal Rd7f5]} 35. Rc7 Rxf5 $1 {[%mdl 512]} 36. Nxf5+ Kd8 37. Rxd7+ Kxd7) 35. Bd3 $11 Rb6 36. Nf5+ Kd7 37. Kc5 Rxb2 {Strongly threatening ...Ba8.} 38. e6+ Kc7 (38... Kxe6 $5 39. Nd4+ $8 Kf7 40. Nxc6 Kg8 $11) 39. Rg1 g6 $1 40. hxg6 hxg6 41. Rxg6 {And now e7 would win.} Be8 $1 {[%cal Re8g6]} 42. Rg7+ Kb8 43. Nd6 Rxa2 {[#]} (43... Rh8 $11 {keeps the balance.}) 44. Rb7+ (44. e7 $1 $16 {[%cal Re7f8]} Rh8 45. Nxe8 Rxe8 46. Bb5 Rc8+ 47. Kd6 (47. Kxd5 Rd2+ 48. Ke6 a3 $11)) 44... Ka8 {The position is equal.} 45. Re7 Rd2 46. Nxe8 {Nc7+ would kill now.} Rxd3 {[%mdl 4096] Endgame KRR-KRN} 47. Nc7+ Kb7 {White must now prevent ...Rc3+.} 48. Nxd5+ Kb8 49. Nb4 Rc3+ 50. Kb6 Rb3 51. Rb7+ Ka8 52. Ra7+ Kb8 53. Rb7+ Ka8 54. Ra7+ {Precision: White = 50%, Black = 46%.} 1/2-1/2

[Event "World Team-ch Women 2017"]
[Site "Khanty-Mansyisk"]
[Date "2017.06.26"]
[Round "9"]
[White "Karavade, Eesha"]
[Black "Mammadova, Gulnar"]
[Result "1-0"]
[WhiteElo "2388"]
[BlackElo "2362"]
[Annotator "TA"]
[PlyCount "119"]
[EventDate "2017.??.??"]
[EventType "team-tourn"]
[EventCountry "RUS"]
[SourceTitle "playchess.com"]
[Source "ChessBase"]
[SourceQuality "1"]
[WhiteTeam "IND"]
[BlackTeam "AZE"]
[WhiteTeamCountry "IND"]
[BlackTeamCountry "AZE"]

{[%evp 9,119,-16,0,-6,11,6,30,13,25,29,40,45,45,37,47,41,62,41,50,44,57,50,42,56,56,12,10,6,5,5,9,8,41,29,51,49,91,97,100,63,71,64,101,98,105,100,101,101,122,121,119,67,73,62,74,52,83,91,100,102,100,95,181,170,182,179,173,46,53,0,176,175,179,173,234,234,235,214,206,140,347,337,331,344,322,323,361,287,379,363,342,335,354,343,410,362,373,377,358,350,336,324,423,410,403,391,362,260,564,532,457,375]} 1. e4 e6 2. d4 d5 3. Bd3 dxe4 4. Bxe4 Nf6 5. Bf3 Bd6 6. Nc3 {C01: French: Exchange Variation} Nbd7 7. Nb5 O-O 8. Nxd6 $146 {White has an edge.} ({Predecessor:} 8. Ne2 Bb4+ 9. c3 Ba5 10. O-O c6 11. Nd6 Bc7 12. Nxc8 Rxc8 13. g3 {1-0 (39) Onischuk,V (2608)-Sumets,A (2566) Lvov 2017}) 8... cxd6 9. Ne2 e5 {[#] Hoping for ...e4.} 10. Ng3 Qa5+ 11. c3 exd4 12. Qxd4 Ne5 13. Be2 Bg4 14. Bxg4 Nexg4 15. O-O Rfe8 16. Bf4 Ne5 17. c4 (17. Rfd1 {feels hotter.} h6 18. b4 Qa6 19. a4 Rac8 20. b5) 17... Qc5 18. Bxe5 Rxe5 19. Rad1 Rc8 20. b3 Qxd4 21. Rxd4 Rc6 22. Rfd1 Re6 23. Nf5 Ne8 24. Kf1 g6 25. Ne3 Nf6 26. Nd5 Kg7 27. f3 Ne8 28. Kf2 a6 29. a4 a5 30. Nc3 (30. g4 $16) 30... Nc7 $14 31. Nb5 $36 {[%mdl 2048] White fights for an advantage.} Na6 $1 32. Rd5 ({Of course not} 32. Nxd6 Nc5 $11) 32... Rb6 33. Rxd6 Rbxd6 34. Nxd6 $16 {[%mdl 4096] Endgame KRN-KRN} Nc5 35. Ne4 Nxb3 (35... Nxe4+ $16 36. fxe4 Rxe4) 36. Rb1 $18 Nd4 37. Rxb7 Rc6 38. Nd2 ({White should play} 38. c5 $18) 38... Re6 $14 {[#] ...Re2+ is the strong threat.} 39. Ne4 (39. Kf1 $14) 39... Rc6 $1 $18 40. c5 Ne6 41. Rb5 f5 (41... Rc7 $142 42. Rxa5 f5) 42. Rb7+ Rc7 43. Rxc7+ Nxc7 {KN-KN} 44. Nc3 {Threatens to win with c6.} Kf7 $2 (44... Na6 $16 {might work better.} 45. Ke3 (45. c6 Kf7 $16) 45... Nxc5) 45. Ke3 Ne6 46. Kd3 Nxc5+ 47. Kc4 Nb7 48. Kb5 Ke6 49. Kb6 Nd6 50. Kxa5 Kd7 51. Kb6 Nc4+ 52. Kc5 Na5 53. Ne2 Nb3+ 54. Kb6 Nd2 55. a5 {[%cal Ba4a5,Ba5a6][%mdl 32]} Nc4+ 56. Kb5 Ne3 57. a6 Kc7 58. g3 Nd5 $2 (58... Kb8 {is more resistant.} 59. Nd4 Ka7 60. Nc6+ Ka8) 59. Kc5 Nb6 60. Nd4 {Precision: White = 70%, Black = 54%.} 1-0

[Event "World Team-ch Women 2017"]
[Site "Khanty-Mansyisk"]
[Date "2017.06.26"]
[Round "9"]
[White "Vijayalakshmi, Subbaraman"]
[Black "Balajayeva, Khanim"]
[Result "1-0"]
[WhiteElo "2375"]
[BlackElo "2283"]
[Annotator "TA"]
[PlyCount "97"]
[EventDate "2017.??.??"]
[EventType "team-tourn"]
[EventCountry "RUS"]
[SourceTitle "playchess.com"]
[Source "ChessBase"]
[SourceQuality "1"]
[WhiteTeam "IND"]
[BlackTeam "AZE"]
[WhiteTeamCountry "IND"]
[BlackTeamCountry "AZE"]

{[%evp 25,97,16,16,17,11,10,20,11,18,19,56,72,89,0,0,0,0,0,0,6,9,7,8,8,30,0,13,13,15,13,13,6,13,14,69,40,36,35,64,60,97,70,70,63,129,166,75,76,76,77,191,191,175,183,208,216,218,227,365,341,417,404,531,523,1191,1079,1161,937,1118,1071,1167,1062,2225,1024]} 1. d4 d5 2. c4 dxc4 3. Nf3 Nf6 4. e3 e6 5. Bxc4 c5 6. O-O a6 7. dxc5 Bxc5 8. Qxd8+ Kxd8 9. Be2 {D27: Queen's Gambit Accepted: Classical main line: 7 e4!? and 7 a4} Ke7 10. a3 (10. Ne5 Nbd7 11. Nd3 Bd6 12. Nd2 b5 13. Nb3 Bb7 14. Na5 Bd5 15. Bd2 Rhc8 16. Rfc1 Ne5 {½-½ (66) So,W (2812)-Caruana,F (2808) Stavanger 2017}) 10... Nbd7 11. b4 Bd6 12. Bb2 b5 13. Nbd2 {[%cal Bb1d2,Bd2b3,Bb3a5][%mdl 32]} Bb7 {LiveBook: 28 Games} 14. Nb3 $146 ({Predecessor:} 14. Nd4 Nb6 15. Bf3 Bxf3 16. N4xf3 Rhc8 {0-1 (72) Lokander,M (2403)-Shalamberidze,A (2415) Stockholm 2015}) 14... Rac8 15. Na5 Bd5 16. Nd4 Nb6 17. Rac1 Ne4 18. Ndc6+ Kd7 {[%cal Rd5c6]} 19. Ne5+ ({Not} 19. Bxg7 $2 Rhg8 $19) (19. f3 $1 $16 {[%cal Rf3e4]} Nf6 20. Ne5+ Bxe5 21. Bxe5) 19... Bxe5 $11 20. Bxe5 f6 21. Ba1 Rxc1 22. Rxc1 Rc8 $132 {[%mdl 2048] Black is not keeping still} 23. Rxc8 Kxc8 24. f3 Nd2 25. e4 Bc4 26. Bd1 Kc7 27. Kf2 Ba2 $1 28. Bb2 Ndc4 29. Nxc4 bxc4 {[%mdl 4096] Endgame KBB-KBN} (29... Nxc4 $11 30. Bc1 Kd6) 30. Ke3 Bb3 31. Be2 Kc6 32. f4 Kb5 33. Bd4 Na8 $1 34. Bc5 Nc7 (34... Ka4 $1 $14) 35. Bd6 $1 $16 {[%cal Rd6c7]} Ne8 36. Bf8 g6 37. Kd4 Nc7 (37... f5 $16) 38. Bd6 $1 $18 {[%cal Rd6c7]} Ne8 39. Be7 f5 {[#]} 40. exf5 $1 exf5 {[#]} 41. Bf3 $1 Ng7 (41... Ba2 {was called for.} 42. Kc3 Bb3) 42. Bd5 Nh5 43. g3 Ba2 {Threatens to win with ...c3!} 44. Kc3 {White is clearly winning.} Ng7 45. Bf6 Ne8 46. Be5 Kb6 47. a4 a5 48. bxa5+ Kc5 49. a6 {Precision: White = 81%, Black = 32%.} (49. Bg2 $142 Bb1 50. Bd4+ Kd6 51. a6) 1-0

[Event "World Team-ch Women 2017"]
[Site "Khanty-Mansyisk"]
[Date "2017.06.26"]
[Round "9"]
[White "Mammadzada, Gunay"]
[Black "Tania, Sachdev"]
[Result "1-0"]
[WhiteElo "2368"]
[BlackElo "2408"]
[Annotator "TA"]
[PlyCount "125"]
[EventDate "2017.??.??"]
[EventType "team-tourn"]
[EventCountry "RUS"]
[SourceTitle "playchess.com"]
[Source "ChessBase"]
[SourceQuality "1"]
[WhiteTeam "AZE"]
[BlackTeam "IND"]
[WhiteTeamCountry "AZE"]
[BlackTeamCountry "IND"]

{[%evp 21,125,40,50,40,60,48,52,63,84,75,90,99,143,125,99,75,108,112,137,82,77,41,92,95,154,129,163,131,120,128,172,172,208,159,225,0,208,148,146,142,142,144,147,147,152,143,150,146,146,138,151,90,114,106,108,116,132,131,150,135,144,82,80,40,172,156,262,254,262,254,239,239,239,239,236,208,239,233,239,239,239,239,239,232,279,264,254,239,239,189,239,239,231,220,292,356,326,323,515,440,800,650,29987,29988,29988,29989]} 1. e4 e5 2. Nf3 Nc6 3. Bb5 {[%cal Bf1b5,Bb5a4,Ba4b3][%mdl 32]} a6 4. Ba4 Nf6 5. O-O b5 6. Bb3 Bc5 7. c3 d6 8. d4 Bb6 9. a4 Bg4 {C78: Ruy Lopez: Archangelsk and Möller Defences} 10. h3 (10. axb5 axb5 11. Rxa8 Qxa8 12. h3 Bh5 13. d5 Ne7 14. Bc2 Qc8 15. Qe2 O-O 16. Bg5 Ng6 17. Nbd2 {½-½ (30) Kamsky,G (2659)-Onischuk,A (2667) Saint Louis 2017}) 10... Bh5 11. Bg5 Rb8 {LiveBook: 7 Games. White is slightly better.} 12. d5 Ne7 13. Bxf6 $146 ({Predecessor:} 13. Bc2 Ng6 14. g4 Bxg4 15. hxg4 h5 16. Nh2 hxg4 17. Kh1 {0-1 (32) Schroeder,J (2513)-Carlstedt,J (2440) Rhodes 2015}) 13... gxf6 14. Bc2 Ng6 {Strongly threatening ...Nf4.} 15. g3 Qd7 16. Kh2 Ke7 17. Nbd2 Rbg8 18. Qe2 Qe8 19. Rg1 Qf8 20. axb5 (20. a5 $142 Ba7 21. Qf1) 20... axb5 $16 21. Qf1 {And now g4 would win.} Bxf3 ({Black should try} 21... Qh6 $14) 22. Nxf3 Qh6 (22... h5 $142) 23. Bd3 Ra8 24. Qe2 ({Stronger than} 24. Bxb5 Rxa1 25. Qxa1 Bxf2 $11) 24... Rxa1 25. Rxa1 Rb8 26. b4 Qf8 27. Ra2 Qh6 (27... Ra8 $16 {was called for.} 28. Rxa8 Qxa8 29. Bxb5 Kf8) 28. Ra1 Qf8 $1 29. Ne1 Ra8 30. Rxa8 Qxa8 31. Bxb5 Qa1 32. Qd2 Kf8 33. Ng2 Kg7 34. Ne3 {Intending Nf5+ and mate.} Ne7 35. Kg2 h6 36. h4 $40 {[%mdl 128] White is out for blood.} (36. Ng4 $142 Ng8 37. Bc4) 36... Qb1 37. Bd3 Bxe3 38. Qxe3 (38. Bxb1 $2 {loses.} Bxd2 39. c4 Bxb4 $19) 38... Qb2 39. Bc4 $1 f5 40. exf5 Nxf5 {[#]} 41. Qf3 (41. Qe4 $142 $1 {[%cal Re4f5]} Qxc3 42. Bd3) 41... Ne7 42. Bb5 {Be8 is the strong threat.} Qb3 (42... Qd2 $14) 43. c4 $18 Qxf3+ (43... Qc2 $16 {is a better defense.} 44. Qg4+ Kf8) 44. Kxf3 $16 {[%mdl 4096] Endgame KB-KN} f5 45. Be8 Kf6 46. Ke3 Nc8 47. Ba4 Nb6 48. Bb3 Nd7 49. f3 Nb8 50. Kd2 Nd7 51. Kd3 Ke7 52. Ke3 Nb8 53. Kd2 Nd7 54. Bc2 Kf6 55. Ke3 Nb8 {[#]} 56. Kd3 $1 Nd7 57. Ba4 Nf8 58. c5 dxc5 59. bxc5 Ke7 (59... Ng6 {was necessary.} 60. h5 Ne7) 60. Kc4 Ng6 (60... f4 $142 61. g4 Ng6) 61. h5 $18 {[%cal Bh4h5,Bh5g6][%mdl 32]} f4 62. hxg6 fxg3 {[#]} 63. d6+ $1 {Precision: White = 68%, Black = 49%.} 1-0

[Event "World Team-ch Women 2017"]
[Site "Khanty-Mansyisk"]
[Date "2017.06.26"]
[Round "9"]
[White "Majdan, Joanna"]
[Black "Luong, Phuong Hanh"]
[Result "1-0"]
[WhiteElo "2365"]
[BlackElo "2208"]
[Annotator "TA"]
[PlyCount "161"]
[EventDate "2017.??.??"]
[EventType "team-tourn"]
[EventCountry "RUS"]
[SourceTitle "playchess.com"]
[Source "ChessBase"]
[SourceQuality "1"]
[WhiteTeam "POL"]
[BlackTeam "VIE"]
[WhiteTeamCountry "POL"]
[BlackTeamCountry "VIE"]

{[%evp 14,161,88,98,138,150,155,167,162,154,178,179,156,172,159,123,139,40,66,45,47,33,77,77,66,75,69,54,54,54,93,85,89,85,250,237,230,224,325,341,300,328,299,85,83,84,76,80,78,82,98,99,122,107,189,183,191,185,181,165,182,175,193,161,223,158,189,182,267,265,254,262,273,272,270,254,263,254,246,253,313,302,364,359,349,349,330,325,310,282,440,439,425,450,444,439,439,439,438,411,395,382,428,428,739,565,451,746,731,659,724,729,684,617,687,614,1275,1277,1228,431,1207,995,1139,1061,1328,1225,1093,1093,1629,1606,925,1235,1396,1561,1499,918,1277,1226,29970,29967,29968,29969,29970,29979,29981,29982,29983,29984,29975,29975]} 1. e4 c5 2. Nf3 e6 3. d4 cxd4 4. Nxd4 a6 5. Nc3 Qc7 6. Be2 Nf6 7. O-O b5 8. Bf3 {LiveBook: 22 Games. Black must now prevent e5!} Nc6 {[#] B43: Sicilian: Kan Variation: 5 Nc3} (8... e5 9. Nf5 d6 10. Bg5 Nbd7 11. Ne3 Bb7 12. a4 bxa4 13. Rxa4 Nb6 14. Rb4 d5 15. Bxf6 Bxb4 16. Bxg7 Rg8 17. Ncxd5 Nxd5 18. Nxd5 Bxd5 19. Qxd5 {½-½ (49) Alekseenko,K (2552)-Karasev,V (2349) St Petersburg 2016}) 9. e5 $1 {[%cal Re5f6,Be4e5,Be5d6][%mdl 544]} Ng8 (9... Nxe5 10. Bxa8) 10. Nxc6 $1 dxc6 {[%cal Bd7c6,Bc6c5][%mdl 32] White is clearly better.} 11. Ne4 Bb7 12. Nd6+ Bxd6 13. exd6 Qd7 14. Qd4 $146 ({Predecessor:} 14. Bf4 Nf6 15. Be5 c5 16. b3 {1-0 (31) Beseda,R (2110)-Kupka,F (1980) Nachod 2002}) 14... Nf6 15. Bg5 (15. Qc5 $16) 15... c5 $1 $14 {[%cal Rc5d4]} 16. Qe5 Bxf3 17. gxf3 Qc6 18. Bxf6 gxf6 19. Qxf6 {[%csl Gd6][%cal Rf6e7]} Rg8+ 20. Kh1 {[%csl Gd6][%cal Rf6e7]} Qxd6 21. Rg1 $36 {[%mdl 2048] White is more active.} Rg6 22. Qh8+ Qf8 23. Qxh7 Rh6 $2 (23... O-O-O $16) 24. Qe4 $18 Ke7 25. Qe5 $1 {[%cal Re5c5]} ({Weaker is} 25. Qb7+ Kf6 $14) 25... Qc8 (25... Rc8 $142 26. Rad1 Qh8 27. Qd6+ Kf6 28. Qf4+ Ke7 29. Qd6+ Kf6) 26. Qg5+ Rf6 {[#] intending ...Qc6.} 27. Rg4 $1 {[%cal Rg4f4]} Qc7 {[#]} 28. Rh4 $2 (28. Rd1 $1 $18 {and the rest is easy.}) 28... Rd8 $16 29. Re1 {Hoping for Rxe6+!} Qd6 30. Rh6 Qd4 31. Rxf6 Qxf6 32. Qxc5+ {[%mdl 4096] Endgame KQR-KQR} Rd6 33. Re3 Qd4 (33... Kd7 $16 {was called for.}) 34. Qxd4 $18 Rxd4 {KR-KR} 35. Rd3 Rc4 36. c3 e5 37. Kg2 Ke6 38. Kg3 Rc6 (38... Rc8 $142 39. h4 Rh8) 39. h4 Kf5 40. h5 Rh6 (40... f6 $142 41. Rd5 Ke6) 41. Rd7 Ke6 42. Ra7 Rxh5 43. Rxa6+ Kd5 44. Rf6 Rg5+ 45. Kh2 Rg7 46. b3 Rh7+ 47. Kg2 Rg7+ 48. Kf1 Rh7 49. Ke2 Rh1 50. Rxf7 Rc1 51. Kd3 Rd1+ (51... Rf1 $142 52. f4 Rxf2) 52. Kc2 Ra1 53. Kb2 Re1 54. Rd7+ Kc6 55. Rd2 Kc5 56. Kc2 Ra1 57. Kd3 Kd5 58. b4 Rc1 (58... Rh1 $142 59. c4+ bxc4+ 60. Kc3+ Kc6) 59. a4 bxa4 60. Ra2 Rd1+ 61. Ke2 Rc1 62. Kd2 Rf1 63. Rxa4 Rxf2+ 64. Ke3 Rc2 65. Ra5+ Kd6 66. Rc5 (66. Ra6+ $142 Kd7 67. Kd3) 66... Rc1 (66... Rh2 $142 67. f4 exf4+ 68. Kxf4 Rh7) 67. c4 Rb1 68. Rd5+ Ke6 69. b5 Kf5 70. Rd8 Rb3+ 71. Kd2 Ke6 72. Rd3 Rb4 73. Kc3 Rb1 74. Rd8 Ke7 75. Rd2 Rf1 76. b6 {[%cal Bb5b6,Bb6b7][%mdl 32] White mates.} Rxf3+ 77. Kb4 Rf1 78. Kc5 e4 79. b7 Rb1 80. Kc6 e3 81. Re2 {Precision: White = 81%, Black = 47%.} 1-0

[Event "World Team-ch Women 2017"]
[Site "Khanty-Mansyisk"]
[Date "2017.06.26"]
[Round "9"]
[White "Buksa, Nataliya"]
[Black "Girya, Olga"]
[Result "0-1"]
[WhiteElo "2344"]
[BlackElo "2480"]
[Annotator "TA"]
[PlyCount "138"]
[EventDate "2017.??.??"]
[EventType "team-tourn"]
[EventCountry "RUS"]
[SourceTitle "playchess.com"]
[Source "ChessBase"]
[SourceQuality "1"]
[WhiteTeam "UKR"]
[BlackTeam "RUS"]
[WhiteTeamCountry "UKR"]
[BlackTeamCountry "RUS"]

{[%evp 11,138,20,30,27,36,25,26,14,33,27,38,4,5,8,7,6,10,8,29,18,16,20,22,9,10,0,0,0,0,0,0,0,0,-35,-24,-44,-38,-36,-29,-36,-36,-37,-36,-37,-35,-36,-30,-35,-29,-36,-31,-31,-8,-46,-47,-82,-82,-82,-78,-82,-82,-82,-82,-82,-82,-82,-65,-64,-64,-68,-60,-90,-82,-82,-82,-82,-87,-158,-159,-148,-51,-84,0,-159,-106,-93,-119,-114,0,-81,-81,-155,-89,-89,-62,-108,-139,-211,-218,-437,-435,-439,-439,-439,-439,-436,-430,-430,-437,-430,-430,-423,-407,-594,-529,-1211,-1149,-4246,-2418,-29983,-29984,-29984,-29985,-29985,-29986,-29986,-29987,-29988,-29989]} 1. e4 c6 2. d4 d5 3. e5 Bf5 4. Nf3 e6 5. Be2 Ne7 6. O-O Bg6 7. c3 {B12: Caro-Kann: Advance Variation} h6 8. Na3 Nf5 9. b3 {White has an edge.} Nd7 $146 ({Predecessor:} 9... Be7 10. g4 Nh4 11. Nxh4 Bxh4 12. f4 O-O 13. f5 Bh7 14. Bd3 Nd7 {1-0 (32) Salem,A (2656)-Riazantsev,A (2671) Sharjah 2017}) 10. c4 Be7 11. cxd5 cxd5 12. g4 Nh4 13. Nxh4 Bxh4 14. f4 Be4 15. Bd3 Bxd3 16. Qxd3 Qb6 17. Nc2 Be7 18. Ne3 O-O 19. f5 Bg5 20. Kh1 f6 21. fxe6 Qxe6 22. Qg6 Qa6 (22... Bxe3 {is interesting.} 23. Bxe3 Qe8 24. Qxe8 Raxe8 25. Rac1 fxe5 26. Rxf8+ Nxf8 27. dxe5 a6) 23. Re1 Bxe3 24. Bxe3 fxe5 25. Qxa6 bxa6 26. dxe5 Nxe5 27. Bc5 Rfe8 28. Rad1 Nxg4 29. Rxe8+ Rxe8 30. Rxd5 $15 {[%mdl 4096] Endgame KRB-KRN} Re2 31. h3 Ne5 {White should prevent ...Nf3.} 32. Bd6 (32. Rd8+ {with more complications.} Kf7 33. a4 Rc2 34. Bxa7 Rc3 35. Rd5) 32... Nf7 33. a4 Re3 34. Kg2 Rxb3 35. Bc5 Rb2+ 36. Kg3 Ra2 37. Rd4 Ng5 {And now ...Ne6 would win.} 38. Rc4 Kf7 39. h4 Ne6 40. Bxa7 Kf6 41. Bb6 h5 42. a5 Ra3+ 43. Kg2 Kf5 44. Rc6 {[#]} ({Better is} 44. Kf2) 44... Ra4 $1 $17 45. Kh3 Rg4 ({Black should try} 45... g6 $17 46. Rc2 g5 47. hxg5 Nxg5+ 48. Kh2 Rh4+ 49. Kg3 Rg4+ 50. Kh2 Rb4) 46. Be3 Ra4 (46... Rb4 $142 47. Ba7 Rb7) 47. Bb6 $1 Nf4+ (47... g6 $142 48. Rc2 Nf4+ 49. Kh2 Kg4) 48. Kg3 Ra3+ 49. Kf2 Ne6 50. Kg2 $1 g6 51. Kh2 {[#]} (51. Rc4 $142) 51... Ra4 (51... Nf4 $142 $1 52. Kg1 Ne6) 52. Kh3 Re4 53. Bf2 Nf4+ 54. Kg3 (54. Kh2 $17) 54... Nd3 $19 55. Ba7 $2 (55. Rc2) 55... Rg4+ 56. Kh3 Nf4+ 57. Kh2 Rxh4+ 58. Kg1 Rh3 59. Rxa6 Ra3 60. Bb8 g5 61. Ra7 Kg4 62. Kf2 (62. Rd7 $142) 62... h4 {[%cal Bh5h4,Bh4h3,Bh3h2][%mdl 32]} 63. a6 h3 64. Bxf4 Kxf4 {KR-KR} 65. Rh7 Ra2+ {Black mates.} 66. Kf1 Kg3 67. a7 h2 68. Rh5 g4 69. Rh7 {[#]} Rxa7 $1 {[%mdl 512] Precision: White = 50%, Black = 80%.} 0-1